Acciones protectoras de derechos fundamentales

Сохранить в:
Библиографические подробности
Главный автор: Silva Gallinato, María Pía (Автор)
Соавтор: Universidad Alberto Hurtado (Автор)
Другие авторы: Henríquez Viñas, Miriam Lorena
Формат:
Язык:испанский
Опубликовано: Santiago Legal publishing 2014
Редактирование:1a. ed
Серии:Monografías
Предметы:
Метки: Добавить метку
Нет меток, Требуется 1-ая метка записи!

MARC

LEADER 00000cam a2200000 a 4500
001 UCE5461
003 CL-VaPUC
008 150109e20140900cl |||||||||||||||||spa|d
020 |a 9789563465907 
082 0 4 |a 342.83  |b SIL  |2 21 
100 0 |a Silva Gallinato, María Pía  |e author  |9 578104 
700 |a Henríquez Viñas, Miriam Lorena  |9 737728 
110 2 |a Universidad Alberto Hurtado  |e author  |9 578106 
245 1 0 |a Acciones protectoras de derechos fundamentales 
250 |a 1a. ed 
300 |a 382 p 
942 |c BK 
945 |d 20150109 08:57:00  |a arojas 
260 |a Santiago  |b Legal publishing  |c 2014 
650 0 |a Derechos fundamentales   |9 254841 
650 0 |a Derechos humanos  |9 223025 
650 0 |a Derecho constitucional chileno  |9 478271 
583 |a last modification  |c 20150109 08:57:00  |k Rodrigo Vera 
490 0 |a Monografías 
999 |c 358179  |d 358177 
952 |0 0  |1 0  |3 erb  |4 0  |6 342_830000000000000_SIL_2014  |7 0  |8 A  |9 466724  |a BIBDER  |b BIBDER  |i 5134161  |o 342.83 SIL 2014  |p 5134161  |r 2023-01-25  |w 2019-11-23  |y BK  |z Catalogado en:20150109  |k DER